02042nam a22003497a 450000100060000000300090000600500170001500700030003200800360003502000150007104000300008608200260011610000460014224501450018826400290033330000450036233600270040733700350043433800300046949000520049950000350055150400330058650507240061959000260134365100460136970000450141570000420146091000410150294200120154395201200155599900170167500260DO-SdBPM20260210124124.0ta151112b1998 sp |||| 00| 0 spa d a8420747823 aDO-SdBPMbspacBPMSUerda 4a980.01bZ36a 19982221 aZaragoza Ruvira, Gonzalo. 4aut.eautor 10aAmérica Latina : bépoca colonial /cGonzalo Zaragoza ; coordinación editorial : Juan Diego Pérez González, Enrique Posse Andrada aMadrid : bAnaya, c1998 a 93 páginas bilustraciones ; c19 cm. atextobtxt2rdacontent asin mediación bn2rdamedia  avolumen bnc2rdacarrier 0 aBiblioteca básica de historia ;aMonografía aIncluye índice alfabético  aBibliografía : página 950 aLos reinos de Indias : un solo rey, muchas preguntas, 4.-- Economías locales, minas y comercio trasatlántico, 8.-- Del rey abajo : funcionarios, colonos e indios, 16.-- Blancos, indios y negros, 22.-- Las ciudades, las haciendas y el continente, 30.-- ¿Comerciantes o contrabandistas?, 38.-- La iglesia. las órdenes religiosas y la cultura, 46.-- Un imperio rodeado de fronteras y de rebeliones, 54.-- Americanos blancos : los criollos, 62.-- Las reformas borbónicas : muy tarde, muy breves, 66.-- Brasil : el ciclo del azúcar y el ciclo del oro, 76.-- La independencia : varias repúblicas, dos imperios, 84.-- Datos para una historia, 90.-- Glosario, 92.-- Índice alfabético, 94.-- Bibliografía, 96. aInventariado, 2026/VM 7aAmérica LatinaxHistoria vHasta 1830. 1 aPrats i Cuevas, Joaquín,ecoordinador 1 aPosse Andrada, Enrique ecoordinador  aVMateo V. Control de calidad. BPMSU  2ddccBK 00102ddc708CDaBPMETbBPMETd2026-02-10l0oBPMSU CD 980.01 Z36a 1998pBPMSU26020057r2026-02-10w2026-02-10yBK c15678d15678